Départements français portant un nom de cours d'eau - Statistiques

Statistiques générales
  • Ce quiz a été pris 215 fois
  • Le résultat moyen est 58 sur 67
Statistiques - réponses
Département % Correct
Loire
99%
Ain
95%
Rhône
94%
Aisne
93%
Loiret
93%
Aude
91%
Bas Rhin
91%
Cher
91%
Haut Rhin
91%
Var
91%
Allier
90%
Gironde
90%
Marne
90%
Tarn
90%
Aube
89%
Aveyron
89%
Dordogne
89%
Eure
89%
Indre
89%
Lot
89%
Seine et Marne
89%
Ardèche
88%
Ariège
88%
Charente
88%
Eure et Loir
88%
Haute Loire
88%
Indre et Loire
88%
Moselle
88%
Charente Maritime
87%
Meurthe et Moselle
87%
Haute Garonne
87%
Haute Marne
87%
Hérault
87%
Meuse
87%
Oise
87%
Tarn et Garonne
87%
Creuse
86%
Gard
86%
Ille et Vilaine
86%
Isère
86%
Loire Atlantique
86%
Lot et Garonne
86%
Orne
86%
Bouches du Rhône
85%
Corrèze
85%
Doubs
85%
Gers
85%
Hauts de Seine
85%
Seine Saint Denis
85%
Saône et Loire
84%
Essonne
83%
Seine Maritime
83%
Vienne
83%
Mayenne
82%
Haute Saône
81%
Haute Vienne
81%
Val d'Oise
81%
Yonne
81%
Drôme
80%
Somme
80%
Val de Marne
80%
Maine et Loire
78%
Nièvre
78%
Sarthe
78%
Deux Sèvres
74%
Loir et Cher
68%
Vendée
67%
Aucun quiz correspondant
Distribution des résultats
% des personnes avec chaque résultat
Percentile par nombre de réponses
Votre historique - résultats
Vous n’avez pas pris ce quiz